Obras de Anastasio Pantaleón de Ribera

Saved in:
Bibliografiske detaljer
Hovedforfatter: Pellicer de Tovar, Joseph (Author)
Format: Bog
Sprog:spansk
Udgivet: Madrid Instituto Nicolás Antonio 1944
Fag:
Tags: Tilføj Tag
Ingen Tags, Vær først til at tagge denne postø!

MARC

LEADER 00000nam a2200000 a 4500
001 UCT3644
003 CL-VaPUC
008 961024e19440000SP |||||||||||||||||spa|d
082 0 4 |a 861  |b PEL  |2 21 
100 0 |a Pellicer de Tovar, Joseph  |e author  |9 372574 
245 1 0 |a Obras de Anastasio Pantaleón de Ribera 
300 |a v 
942 |c BK 
945 |d 19961024 00:00:00  |a rleighto 
260 |a Madrid  |b Instituto Nicolás Antonio  |c 1944 
600 0 7 |a RIBERA, ANASTASIO PANTALEON DE  |2 CL-VaPUC  |9 372575 
650 0 |a Poesías españolas  |9 265100 
583 |a last modification  |c 19961024 00:00:00  |k Rodrigo Vera 
999 |c 253211  |d 253209 
952 |0 0  |1 0  |4 0  |6 861_000000000000000_PEL_1944  |7 0  |8 A  |9 273868  |a BIBEDU  |b BIBEDU  |d 2019-11-19  |h v.2  |i 3242366  |o 861 PEL 1944  |p 3242366  |r 2019-11-19  |w 2019-11-19  |y BK  |k LIT